00366 a2200133 450000500170000002000190001704000080003608200180004410000200006224500720008225000120015426000510016630000150021720260210120204.0 a978-1108415156 bEng a62-501.52 BIK aBikramjit Basu. aBiomaterials Science and Tissue Engineering: Principles and Methods a1st ed. aNew Delhi;bCambridge University Press,c2017. axxv, 696p;